000 00510nam a2200229Ia 4500
003 0100
008 130303s9999 xx 000 0 und d
020 _a0415315891
040 _cARRUPELIB
050 _aBJ1025.G675 2004
100 _aGraham, Gordon
245 _aEight theories of ethics
260 _aLondon
260 _bRoutledge
260 _C2004
300 _ax
300 _b 221p. 24cm.
650 _bRealism
650 _cReality
650 _dScience-Philosophy
942 _2lcc
_02
999 _c60257
_d60257